000 00777nam0a22002771 4500
001 RU\NLR\A1SV\119190
005 20251203171251.9
035 _a(NLR Aleph) 010439877
090 _a9886478
_c9886478
100 _a20130531d1921 u y0rusy50 ca
101 0 _arus
102 _aRU
200 1 _aПриготовление резного торфа
_fПюВюТанеев
210 _a[М.]
_cГос. изд-во
_d1921
215 _a16 с.
_cчерт.
_d23 см
620 _dМосква
700 1 _aТанеев
_bП.В.
_f1878-1961
_gПавел Владимирович
801 0 _aRU
_bNLR
_c20130531
852 _aNLR
_j37.62.2.16
852 _aNLR
_j37.62.2.16а
899 _aГИМ
899 _aРГБ
942 _cBOOK
980 _aNB
980 _aA1SV